| 000 | 01604nam a2200373 c 4500 | ||
|---|---|---|---|
| 003 | BLK | ||
| 005 | 20230803101637.0 | ||
| 008 | 180408b bul|||||r ||||||| ||bul|| | ||
| 010 | _aKNG00098992000 | ||
| 040 | _aBLK | ||
| 041 |
_aBUL _cBUL |
||
| 080 |
_aРелигиозна живопис _b75.046 _x(497.2) _z75.046(497.2) |
||
| 080 |
_aЦърковна архитектура _b726 _x(497.2) _z726(497.2) |
||
| 100 |
_aБожков, Атанас Димитров _d1929-1995 _eпърви автор _9244707 |
||
| 700 | 1 |
_aВасилиев, Асен Петров _eсъавт. _9373949 |
|
| 139 |
_aБожков, Атанас Димитров и др. _bБ 57 |
||
| 245 | 1 | 0 |
_aХудожественото наследство на манастира Зограф _cАтанас Димитров Божков; съавт. Асен Петров Василиев. |
| 257 | _aBGR | ||
| 260 |
_аСофия _bНаука и изкуство _c1981 |
||
| 300 |
_a483 с. _bс ил. _c29 см |
||
| 380 | _a7 | ||
| 500 | _a4 130 тир. - Библиогр. с. 421-436. - Рез. на рус., нем., англ. ез. - Именен, геогр., предм. показалци. | ||
| 650 | 4 |
_aМанастири _9161096 |
|
| 650 | 4 |
_aИкони _9156807 |
|
| 653 | _aСвета гора | ||
| 653 | _aманастири | ||
| 653 | _aикони | ||
| 852 | _aЦб ІІ 6172 | ||
| 856 | 4 |
_qpdf _u |
|
| 856 | 4 |
_qpdf _u |
|
| 942 |
_cKNG _n0 _01 |
||
| 944 |
_aCR _c20.01.2011 _lТеодора Пейчева-Дянкова _k30556 |
||
| 944 |
_aED _c09.11.2012 _lдобави в АБ / 19.01.2011 _k |
||
| 999 |
_c94174 _d94174 |
||